Fördern und heben Fördertechnik und Materialfluss-Systeme für Produktion, Lager und Transport
Gespeichert in:
| Format: | Schriftenreihe |
|---|---|
| Sprache: | Deutsch |
| Veröffentlicht: |
Mainz
Krausskopf-Verlag für Wirtschaft
1976
|
| Tags: |
Keine Tags, Fügen Sie das erste Tag hinzu!
|
MARC
| LEADER | 00000nas2a2200000$$$4500 | ||
|---|---|---|---|
| 001 | 0013121 | ||
| 005 | 20250730114314.1 | ||
| 022 | |a 0373-6482 | ||
| 041 | 0 | |a ger | |
| 044 | |a DE | ||
| 245 | 1 | 0 | |a Fördern und heben |b Fördertechnik und Materialfluss-Systeme für Produktion, Lager und Transport |
| 264 | 1 | |a Mainz |b Krausskopf-Verlag für Wirtschaft |c 1976 | |
| 300 | |a 1 zv. | ||
| 773 | 0 | |w eu_un_cat*0013115 | |